ห้องสมุด วิทยาลัยพยาบาลบรมราชชนนี อุดรธานี Boromarajonani College of Nursing, Udonthani
mysqli: Table './ulib2015/stat_globaluid' is marked as crashed and last (automatic?) repair failed select id from stat_globaluid where statuid='20260418181621_2079' mysqli: Table './ulib2015/stat_globaluid' is marked as crashed and last (automatic?) repair failed DELETE FROM stat_globaluid
WHERE id NOT IN (
SELECT id
FROM (
SELECT id
FROM stat_globaluid
ORDER BY id DESC
LIMIT 100
) foo
); mysqli: Table './ulib2015/stat_globaluid' is marked as crashed and last (automatic?) repair failed insert into stat_globaluid set
statuid='20260418181621_2079',
dt='1776510981',
phpself='/ULIB/dublinfull.php',
agent='Mozilla/5.0 AppleWebKit/537.36 (KHTML, like Gecko; compatible; ClaudeBot/1.0; +claudebot@anthropic.com)',
yea='2026',
mon='4',
dat='18',
ip='216.73.216.142'
LEADER 00674nam 2200229 a 4500
001 11157
003 ULIBM
008 230611s2515 th m a001 0 tha d
050 4 ^aWA^bค344ค 2515
245 10 ^aคู่มือการศึกษาวิธีป้องกันการตั้งครรภ์ บทที่ 2 การใช้ขดพิเศษหรือห่วงอนามัย/^cโครงการวางแผนครอบครัว กระทรวงสาธารณสุข
250 ^aพิมพ์ครั้งที่ 1.
260 ^aกรุงเทพฯ:^bมิตรนราการพิมพ์,^c2515
300 ^a 167 หน้า.
650 7 ^aการใช้ขดพิเศษหรือห่วงอนามัย
945 ^p0^l0^i17084
945 ^p0^l0^i17085
999 ^aลิขิตลักษณ์
คุณยังไม่ได้ล็อกอิน คุณสามารถมีกิจกรรมร่วมกับเว็บไซต์ได้ แต่ต้องล็อกอินก่อน ::
ลำดับที่
ประเภท
เลขเรียก /บาร์โค้ด
สถานที่
สถานะ
1.
หนังสือการพยาบาล WA ค344ค 2515 Barcode: 17084 หนังสือทั่วไป On Shelf
2.
หนังสือการพยาบาล WA ค344ค 2515 ฉ.2 Barcode: 17085 หนังสือทั่วไป On Shelf [แสดง 2/2 รายการ]
mysqli: Can't create/write to file '/var/tmp/#sql_59d_0.MAI' (Errcode: 2) select * from index_db where titl like '%คู่มือการศึกษาวิธีป้องกันการตั้งครรภ์ บทที่ 2 การใช้ขดพิเศษหรือห่วงอนามัย/ โครงการวางแผนครอบครัว กระทรวงสาธารณสุข%' and mid<>'11157' order by rand() limit 3 mysqli: Can't create/write to file '/var/tmp/#sql_59d_0.MAI' (Errcode: 2) select * from index_db where subj like '%การใช้ขดพิเศษหรือห่วงอนามัย%' and mid<>'11157' order by rand() limit 3
ยังไม่เคยถูกคอมเมนท์
คอมเมนท์ทรัพยากรรายการนี้
JavaScript must be enabled in order for you to use Google Maps.
However, it seems JavaScript is either disabled or not supported by your browser.
To view Google Maps, enable JavaScript by changing your browser options, and then
try again.